| 000 | 00907nam a2200277 a 4500 | ||
|---|---|---|---|
| 001 | 10391 | ||
| 003 | BD-RjUL | ||
| 005 | 20211208234938.0 | ||
| 008 | 170606s1953 nyua b 001 0 eng d | ||
| 035 | _a(BD-RjUL)10439 | ||
| 035 | _a(OCoLC)1350070 | ||
| 040 |
_aDLC _cCtHT _dOCoLC _dDLC _d(BD-RjUL) _beng |
||
| 041 | _aeng | ||
| 082 | 0 | 0 |
_223 _a547 _bJEC 1953 |
| 100 | 1 |
_aJenkins, Glenn L. _q(Glenn Llewellyn), _d1898-1979. _929260 |
|
| 245 | 1 | 4 |
_aThe chemistry of organic medicinal products / _cby Glenn L. Jenkins and Walter H. Hartung. |
| 250 | _a3rd ed. | ||
| 260 |
_aNew York : _bWiley , _c1953. |
||
| 300 |
_aix, 745 p. ; _bill. ; _c24 cm. |
||
| 504 | _aIncludes bibliographical references and index | ||
| 650 | 0 |
_aChemistry, Organic. _932121 |
|
| 650 | 0 |
_aPharmaceutical chemistry. _932122 |
|
| 700 | 1 |
_aHartung, Walter Henry _ejoint author. _932123 |
|
| 942 |
_2ddc _cBK |
||
| 999 |
_c10391 _d10391 |
||